| 000 | 01539cam a22003614a 4500 | ||
|---|---|---|---|
| 001 | 12234008 | ||
| 003 | ARRUPE | ||
| 005 | 20131009165627.0 | ||
| 008 | 001117s2001 enk b 000 0 eng | ||
| 010 | _a 00066961 | ||
| 020 | _a0852444494 (U.K. : cloth) | ||
| 020 | _a0268040052 (U.S. : cloth : alk. paper) | ||
| 040 |
_aDLC _cDLC _dDLC |
||
| 042 | _apcc | ||
| 050 | 0 | 0 |
_aLA174 _b.N49 2001 |
| 100 | 1 |
_aNewman, John Henry, _d1801-1890. _92352 |
|
| 245 | 1 | 0 |
_aRise and progress of universities and, Benedictine essays / _cby John Henry Newman ; with an introduction and notes by Katherine Tillman. |
| 260 |
_aLeominster, Herfordshire : _bGracewing ; _aNotre Dame, Ind. : _bUniversity of Notre Dame Press, _c2001. |
||
| 300 |
_alxxvi, 513 p. ; _c20 cm. |
||
| 490 | 1 |
_aThe works of Cardinal John Henry Newman ; _vv. 3 |
|
| 504 | _aIncludes bibliographical references. | ||
| 610 | 2 | 0 |
_aBenedictines. _92353 |
| 650 | 0 |
_aEducation, Higher _xHistory. _92354 |
|
| 650 | 0 |
_aUniversities and colleges _xHistory. _92355 |
|
| 650 | 0 |
_aCatholic schools. _92356 |
|
| 700 | 1 |
_aTillman, Mary Katherine. _92357 |
|
| 700 | 1 | 2 |
_aNewman, John Henry, _d1801-1890. _tBenedictine essays. _92358 |
| 740 | 0 | 2 | _aBenedictine essays. |
| 800 | 1 |
_aNewman, John Henry, _d1801-1890. _tWorks. _f2000 ; _vv. 3. _92359 |
|
| 906 |
_a7 _bcbc _corignew _d1 _eocip _f20 _gy-gencatlg |
||
| 942 |
_2lcc _cMONOGRAPH |
||
| 999 |
_c118304 _d118304 |
||